000 02404cam a2200289 i 4500
003 SA-RiAUC
005 20251116122746.0
008 251112s1991 su g 000r0 ara c
040 _aSA-RiAUC
_bara
_cSA-RiAUC
_erda
082 0 4 _a213
_qSA-RiAUC
090 _a213
_bس ع د
100 1 _aالسعدي، عبد الرحمن بن ناصر بن عبد الله،
_d1307-1376 هجري
_eمؤلف.
245 1 2 _aالوسائل المفيدة للحياة السعيدة /
_cتأليف عبد الرحمن بن ناصر السعدي.
250 _aالطبعة الثانية.
264 1 _aالمدينة المنورة :
_bالجامعة الإسلامية، مركز شئون الدعوة،
_c1991
300 _a34 صفحة ؛
_c22 سم.
336 _aنص
_btxt
_2rdacontent
_3كتاب
337 _aبدون وسيط
_bn
_2rdamedia
338 _aمجلد
_bnc
_2rdacarrier
490 1 _aإصدارات مركز شؤون الدعوة / الجامعة الإسلامية (المدينة المنورة) ؛
_v76
650 7 _aالوعظ والإرشاد
_2aucsh
830 0 _aإصدارات مركز شؤون الدعوة / الجامعة الإسلامية (المدينة المنورة)
_v76
856 _uhttp://saaid.net/book/open.php?cat=82&book=1685
_yExternal Link
_2 نرجو الانتباه لإمكانية وجود اختلاف في الطبعة أو الناشر بين البيانات على البوابة وما ستجده على الكتاب نظرا لمحدودية المعلومات المتاحة على الموقع الناشر للمادة.
_3Please note that there may be a difference in the edition or publisher between the data on the portal and the book due to the limited information available on the publisher website for the material.
856 _uhttp://www.saaid.net/book/5/884.pdf
_yDigital Copy
_2 نرجو الانتباه لإمكانية وجود اختلاف في الطبعة أو الناشر بين البيانات على البوابة وما ستجده على الكتاب نظرا لمحدودية المعلومات المتاحة على الموقع الناشر للمادة.
_3Please note that there may be a difference in the edition or publisher between the data on the portal and the book due to the limited information available on the publisher website for the material.
942 _2ddc
_cBOOK
_n0
949 _aSA-JeALM
_d251112
_umohamedma123
_n1
999 _c13267
_d13267